Съвременни лингвистични и литературоведски теории (Запис номер 445161)
[ съкратено ]
| 000 -Лидер | |
|---|---|
| Контролно поле с фиксирана дължина | nam a22 a 4500 |
| 003 - Код на организацията, давaща контролен номер | |
| Контролно поле | BLK |
| 005 - Дата и час на последна редакция | |
| Контролно поле | 20220217151110.0 |
| 008 - Елементи от данни с фиксирана дължина | |
| fixed length control field | 220217b bu |||||r|||| 00| | bu d |
| 020 ## - Международен стандартен номер на книга ISBN | |
| Международен стандартен номер на книга ISBN | 9786190012924 |
| 040 ## - Източник на каталожния запис | |
| Идентификатор на билиотеката - собственик на записа | BLK |
| 041 ## - Код за език | |
| Код за езика на текст/звукозапис или на отделно заглавие | Български |
| Код за езика КДБФ | Български |
| 080 ## - УДК | |
| Текстов определител УДК | Общо езикознание и филология |
| УДК код - определител по УДК | 81 |
| УДК определител | (062) |
| УДК - код + определител | 81(062) |
| 080 ## - УДК | |
| Текстов определител УДК | Сравнително литературознание |
| УДК код - определител по УДК | 82.091 |
| УДК определител | (062) |
| УДК - код + определител | 82.091(062) |
| 139 ## - Редно поле | |
| Редна дума | Съвременни лингвистични и литературоведски теории |
| Авторски знак | Съ - С 96 |
| 245 ## - Сведения за заглавието | |
| Заглавие | Съвременни лингвистични и литературоведски теории |
| Подзаглавни данни | Сборник |
| Редно поле (дума) | състав, ред. Пенка Ангелова, Владимира Вълкова, Анастасия Петрова |
| 260 ## - Област на издателските данни | |
| 9 (RLIN) | 209950 |
| Място на издаване, разпространение и проч. | В. Търново |
| Име на издателя, разпространителя и проч. | Фабер |
| Година на издаване | 2020 |
| Издателство - префикс ISBN | 978-619-00- ; 978-954-400- ; 978-954-775- ; 954-9541- |
| 300 ## - Физическа характеристика | |
| Страници | 307 с. |
| Илюстрации и др. | с ил., табл., сх. |
| Размери/Мащаб | 20 см |
| 380 ## - Жанр | |
| Жанр | Езикознание. Филология |
| 650 #7 - Допълнително описание по предмет – тема | |
| 9 (RLIN) | 160438 |
| Основно описание – тема или топоним | Лингвистика |
| 653 #7 - Ключова дума – ненормативна | |
| 9 (RLIN) | 189931 |
| Ключова дума | лингвистика |
| 653 #7 - Ключова дума – ненормативна | |
| 9 (RLIN) | 190005 |
| Ключова дума | литературознание |
| 653 #7 - Ключова дума – ненормативна | |
| 9 (RLIN) | 198195 |
| Ключова дума | теории |
| 700 ## - Други автори (авторска отговорност) | |
| 9 (RLIN) | 1529 |
| Лично име | Ангелова, Пенка Емилова |
| Автороска отговорност (Описва отношението между автора и произведението) | състав. и ред. |
| 700 ## - Други автори (авторска отговорност) | |
| 9 (RLIN) | 1529 |
| Лично име | Вълкова, Владимира Ангелова |
| Автороска отговорност (Описва отношението между автора и произведението) | състав. и ред. |
| 700 ## - Други автори (авторска отговорност) | |
| 9 (RLIN) | 1529 |
| Лично име | Петрова, Анастасия Ничева |
| Автороска отговорност (Описва отношението между автора и произведението) | състав. и ред. |
| 999 ## - СИСТЕМНИ КОНТРОЛНИ НОМЕРА | |
| Koha biblionumber | 445161 |
| Koha biblioitemnumber | 445161 |
| 942 ## - АРТИКУЛИ | |
| Вид на библиотечния материал | Книги |
| Скрит в OPAC | Не |
| Периодичен библиозапис | Да |
| 944 ## - СЪЗДАВАНЕ И РЕДАКЦИЯ на ЗАПИСА | |
| Създаване/Редакция | Създаване |
| Дата на регистрацията/редакция | 2022-02-17 |
| Служител, извършил регистрацията/редакцията | Христина Везирева |
| Код за отписване | Код за изгубен артикул | Източник на класификационната схема | Код за повреда | Коз за рестрикции | Код за отдаване | Артикулен № | Име на библиотеката - собственик | Име на библиотеката, в която се намира в момента | Статус (Текущо местоположение) | Дата на вписване в системата | Местоположение - отдел | Цена в лева | Систематично азбучна сигнатура | Баркод | Цена в евро | Служебен тип на артикула |
|---|---|---|---|---|---|---|---|---|---|---|---|---|---|---|---|---|
| Не е изгубен | Universal Decimal Classification | Не е повреден | само за читалня | ползва се в читалня | 872694 | Регионална библиотека "Любен Каравелов" Русе | Регионална библиотека "Любен Каравелов" Русе | Хранилище | 2022-02-18 | Основен фонд - ползва се само за читалня | 18.50 | Цб 311326 | 120000866212 | 9.46 | Книги |